| 000 | 01022nam a2200325Ia 4500 | ||
|---|---|---|---|
| 001 | 049965 | ||
| 008 | 221003m2017 xx 000 0 cat d | ||
| 035 | _aCENDO_39780 | ||
| 041 | _acat | ||
| 245 | 0 | _aManifest contra la LGTBIfòbia - CCOO 2017 | |
| 260 |
_aBarcelona : _bCCOO de Catalunya, _c2017 |
||
| 300 |
_a1 p. ; _c 30 cm |
||
| 500 | _aEn: Llu!ta Digital, n. 268 (mayo 2017), p. 6 | ||
| 650 |
_aORIENTACION SEXUAL _96099 |
||
| 650 | 0 |
_aIGUALDAD DE OPORTUNIDADES _9590 |
|
| 650 |
_aIGUALDAD DE TRATO _91580 |
||
| 650 |
_aDISCRIMINACION POR RAZONES DE SEXO _9201 |
||
| 650 |
_aDERECHOS CIVILES _9215 |
||
| 650 | 0 |
_aACTITUD SINDICAL _961 |
|
| 710 |
_aCCOO _bCONC, _eed. _92438 |
||
| 856 |
_zPDF _uhttp://docpublicos.ccoo.es/cendoc/049965ManifiestoContraLgtbifobia.pdf |
||
| 901 | _a0 | ||
| 903 | _aNO | ||
| 904 | _a000 | ||
| 907 | _aIgualdad de oportunidades | ||
| 953 |
_d2017-05-23 _yDOCU_ELEC _hLlu!ta Digital, n. 268 (mayo 2017), p. 6 _tPS66 |
||
| 999 |
_c39779 _d39779 |
||
| 910 | _a2017 | ||
| 942 | _cDOCU_ELEC | ||